[Event "Kaluga Tsiolkovsky Memorial op"]
[Site "Kaluga"]
[Date "2014.08.09"]
[Round "8"]
[White "Tolkachev, Grigory"]
[Black "Fedosov, Yury"]
[Result "1/2-1/2"]
[WhiteElo "1712"]
[BlackElo "2006"]
[PlyCount "80"]
[EventDate "2014.08.02"]
[EventType "swiss"]
[EventRounds "8"]
[EventCountry "RUS"]
[SourceTitle "EXT 2023"]
[Source "ChessBase"]
[SourceDate "2022.10.05"]
[SourceVersion "1"]
[SourceVersionDate "2022.10.05"]
[SourceQuality "1"]

1. c4 e6 2. Nf3 d5 3. e3 f5 4. d4 Nf6 5. Nc3 c6 6. Bd3 Bd6 7. 0-0 0-0 8. b3 Bd7 9. Bb2 Be8 10. Rc1 Ne4 11. Ne5 Nd7 12. f4 Ndf6 13. Nxe4 Nxe4 14. Bxe4 fxe4 15. Qg4 Rf5 16. Qg3 Be7 17. Qh3 h5 18. Rc2 h4 19. Kh1 Bf6 20. Rg1 Bxe5 21. fxe5 Bh5 22. Bc3 g5 23. Be1 Qd7 24. Rf2 Raf8 25. Rgf1 Rxf2 26. Rxf2 Rxf2 27. Bxf2 Qf7 28. Kg1 Kg7 29. g3 Qf3 30. Qg2 hxg3 31. Qxg3 Qd1+ 32. Be1 Kh6 33. Qf2 Bf3 34. Qd2 Qb1 35. Qf2 dxc4 36. bxc4 b5 37. c5 a5 38. Qg3 Kg6 39. Qf2 b4 40. h4 g4 1/2-1/2

[Event "Kaluga Tsiolkovsky Memorial op"]
[Site "Kaluga"]
[Date "2014.08.04"]
[Round "3"]
[White "Ogurtzov, Igor"]
[Black "Fedosov, Yury"]
[Result "0-1"]
[WhiteElo "1743"]
[BlackElo "2006"]
[PlyCount "54"]
[EventDate "2014.08.02"]
[EventType "swiss"]
[EventRounds "8"]
[EventCountry "RUS"]
[SourceTitle "EXT 2023"]
[Source "ChessBase"]
[SourceDate "2022.10.05"]
[SourceVersion "1"]
[SourceVersionDate "2022.10.05"]
[SourceQuality "1"]

1. d4 e6 2. Nf3 f5 3. Bf4 d5 4. e3 Nf6 5. c4 c6 6. Nc3 Be7 7. Bd3 0-0 8. h3 Ne4 9. 0-0 Nd7 10. Ne5 Nxe5 11. Bxe5 Bd6 12. Bxd6 Qxd6 13. c5 Qe7 14. Nxe4 fxe4 15. Be2 e5 16. Bg4 Bxg4 17. Qxg4 exd4 18. exd4 Rf6 19. b4 Rg6 20. Qf4 Rf8 21. Qe3 Rf3 22. Qe2 Rxh3 23. g3 Rgh6 24. g4 Qh4 25. Kg2 Rh2+ 26. Kg1 Rh1+ 27. Kg2 Qh3# 0-1

[Event "Kaluga Tsiolkovsky Memorial op"]
[Site "Kaluga"]
[Date "2013.08.03"]
[Round "1"]
[White "Fedosov, Yury"]
[Black "Shariyazdanov, Andrey"]
[Result "0-1"]
[WhiteElo "2022"]
[BlackElo "2584"]
[PlyCount "38"]
[EventDate "2013.08.03"]
[EventType "swiss"]
[EventRounds "9"]
[EventCountry "RUS"]
[SourceTitle "CBM 156 Extra"]
[Source "ChessBase"]
[SourceDate "2013.10.22"]
[SourceVersion "1"]
[SourceVersionDate "2013.10.22"]
[SourceQuality "1"]

1. d4 Nf6 2. Nc3 d5 3. Bg5 Nbd7 4. Nf3 h6 5. Bh4 e6 6. e3 Be7 7. Bd3 c5 8. 0-0 a6 9. a4 b6 10. Ne5 Nxe5 11. dxe5 Nd7 12. Bxe7 Qxe7 13. f4 Bb7 14. b3 0-0 15. Qf3 f6 16. exf6 Rxf6 17. Qh3 Raf8 18. Ne2 e5 19. Rae1 e4 0-1